[Event "Women's Speed Chess Q2"]
[Site "chess.com INT"]
[Date "2020.06.19"]
[Round "1"]
[White "Zhuravleva, Olga"]
[Black "Fuentes Inzunza, Lesly"]
[Result "1-0"]
[WhiteTitle "WIM"]
[BlackTitle "WFM"]
[WhiteElo "2278"]
[BlackElo "1840"]
[WhiteFideId "4145933"]
[BlackFideId "3408205"]
[EventDate "2020.06.19"]

1. e4 c6 2. Nf3 d5 3. Nc3 dxe4 4. Nxe4 Nf6 5. Ng3 Bg4 6. Be2 e6 7. h3 Bxf3 8.
Bxf3 Bd6 9. O-O Qc7 10. Ne4 Nxe4 11. Bxe4 Nd7 12. d4 Nf6 13. Bd3 h6 14. Qf3
O-O-O 15. c3 Kb8 16. a4 e5 17. dxe5 Bxe5 18. Bc2 Nd5 19. a5 a6 20. Bb3 g6 21.
Rd1 Nf6 22. Be3 Rxd1+ 23. Rxd1 Qxa5 24. Bxf7 g5 25. g3 Qc7 26. Bc4 Rf8 27. Qe2
Nd7 28. Be6 Nf6 29. Kg2 Re8 30. Bb6 Qxb6 31. Qxe5+ Ka8 32. Qxf6 c5 33. Re1 Qxb2
34. Qf7 Rb8 35. Re3 Qd2 36. Bc4 Qd6 37. Re6 Qd2 38. Bxa6 Qd5+ 39. Kh2 1-0

[Event "Women's Speed Chess Q2"]
[Site "chess.com INT"]
[Date "2020.06.19"]
[Round "1"]
[White "Lahav, Michal"]
[Black "Ambartsumova, Karina"]
[Result "0-1"]
[WhiteTitle "WIM"]
[BlackTitle "IM"]
[WhiteElo "2219"]
[BlackElo "2371"]
[WhiteFideId "2813742"]
[BlackFideId "4166299"]
[EventDate "2020.06.19"]

1. e4 c5 2. Nf3 e6 3. c3 Nf6 4. e5 Nd5 5. d4 d6 6. Bd3 Nc6 7. O-O Be7 8. exd6
Bxd6 9. dxc5 Bxc5 10. a3 h6 11. c4 Nf6 12. Nc3 O-O 13. b4 Be7 14. Re1 a5 15. b5
Nb8 16. Bb2 Nbd7 17. Qe2 Nc5 18. Bc2 a4 19. Rad1 Qc7 20. Nd2 b6 21. Nce4 Nfxe4
22. Nxe4 f5 23. Nxc5 Bxc5 24. Qh5 Qf7 25. Qxf7+ Kxf7 26. h3 Re8 27. Re2 Bb7 28.
Rd7+ Re7 29. Rxe7+ Bxe7 30. Rd2 Bc8 31. Rd1 Bf6 32. Kf1 Bxb2 33. Bxf5 exf5 34.
Rd6 Bxa3 35. Rxb6 Bc5 36. Rc6 a3 37. Rc7+ Kf6 38. Rxc5 a2 39. b6 a1=Q+ 40. Ke2
Ra2+ 41. Kf3 Qc3+ 0-1

[Event "Women's Speed Chess Q2"]
[Site "chess.com INT"]
[Date "2020.06.19"]
[Round "1"]
[White "Diakonova, Ekaterina"]
[Black "Sedina, Elena"]
[Result "1-0"]
[BlackTitle "IM"]
[WhiteElo "2209"]
[BlackElo "2299"]
[WhiteFideId "24172936"]
[BlackFideId "812153"]
[EventDate "2020.06.19"]

1. e4 e6 2. d4 d5 3. Nd2 c5 4. exd5 exd5 5. Ngf3 Nc6 6. dxc5 Bxc5 7. Nb3 Bb6 8.
Bb5 Ne7 9. O-O O-O 10. Bg5 Bg4 11. Qd3 f6 12. Bd2 Ne5 13. Nxe5 fxe5 14. Qg3 Bf5
15. Qxe5 Ng6 16. Qg3 Bxc2 17. Rac1 Be4 18. Kh1 Rc8 19. f3 Bf5 20. Bb4 Rf6 21.
Rxc8 Qxc8 22. Rc1 Qd8 23. h4 Be3 24. Re1 d4 25. h5 Ne7 26. Bc4+ Kh8 27. Qe5 Nc6
28. Qc5 Nxb4 29. Qxb4 Qf8 30. Qxb7 h6 31. g4 Bc8 32. Qe4 Rxf3 33. Bd3 Kg8 34.
Qh7+ Kf7 35. Qg6+ Ke7 36. Qe4+ 1-0

[Event "Women's Speed Chess Q2"]
[Site "chess.com INT"]
[Date "2020.06.19"]
[Round "1"]
[White "Aakanksha, Hagawane"]
[Black "Sucikova, Svetlana"]
[Result "1-0"]
[WhiteTitle "WIM"]
[BlackTitle "WFM"]
[WhiteElo "2238"]
[BlackElo "2171"]
[WhiteFideId "25014510"]
[BlackFideId "14923653"]
[EventDate "2020.06.19"]

1. e4 c6 2. Nc3 d5 3. Nf3 Bg4 4. Be2 Bxf3 5. Bxf3 e6 6. O-O Nd7 7. d4 dxe4 8.
Nxe4 Ngf6 9. Re1 Be7 10. c3 O-O 11. Qd3 Re8 12. Qe3 Nd5 13. Qd3 N7f6 14. Ng5 h6
15. Ne4 Rc8 16. a3 c5 17. dxc5 Bxc5 18. Nxc5 Rxc5 19. Rd1 Qb8 20. c4 Ne7 21. b4
Rcc8 22. Bb2 e5 23. Qe3 Ng6 24. c5 Rcd8 25. h3 e4 26. Be2 Nd5 27. Qd4 Nf6 28.
Qc3 Nf4 29. Bc4 Nd3 30. Bxd3 exd3 31. Rxd3 Rxd3 32. Qxd3 Qf4 33. Rd1 Ne4 34. Qd4
f6 35. Re1 Re5 36. Qe3 Qxe3 37. Rxe3 Re8 38. Bd4 Kf7 39. f3 1-0

[Event "Women's Speed Chess Q2"]
[Site "chess.com INT"]
[Date "2020.06.19"]
[Round "1"]
[White "Juhasz, Barbara"]
[Black "Mikheeva, Galina"]
[Result "1-0"]
[WhiteTitle "WIM"]
[BlackTitle "WFM"]
[WhiteElo "2223"]
[BlackElo "1901"]
[WhiteFideId "743585"]
[BlackFideId "44108320"]
[EventDate "2020.06.19"]

1. e4 e5 2. Nf3 Nc6 3. Bb5 Bc5 4. O-O d6 5. c3 Bd7 6. Qe2 Nf6 7. h3 O-O 8. Rd1
a6 9. Bc4 b5 10. Bb3 Qe7 11. a4 b4 12. a5 Ba7 13. d3 Rab8 14. Bc4 bxc3 15. bxc3
Nxa5 16. Rxa5 Rxb1 17. Rxa6 Bc5 18. Bg5 Rxd1+ 19. Qxd1 Rb8 20. Qa1 h6 21. Bc1 c6
22. Ra8 Rxa8 23. Qxa8+ Qe8 24. Qb7 Qc8 25. Qb3 Qf8 26. d4 exd4 27. cxd4 Ba7 28.
e5 dxe5 29. dxe5 Ne4 30. Be3 Bxe3 31. Qxe3 Nc5 32. Nd4 Ne6 33. Nf5 Kh7 34. Nd6
Kh8 35. Qf3 Qg8 36. Nxf7+ Kh7 37. Bd3+ g6 38. Nd6 Ng5 39. Qf6 1-0

[Event "Women's Speed Chess Q2"]
[Site "chess.com INT"]
[Date "2020.06.19"]
[Round "1"]
[White "Batsiashvili, Nino"]
[Black "Linares Napoles, Oleiny"]
[Result "0-1"]
[WhiteTitle "GM"]
[BlackTitle "WGM"]
[WhiteElo "2457"]
[BlackElo "2215"]
[WhiteFideId "13602993"]
[BlackFideId "3504794"]
[EventDate "2020.06.19"]

1. d4 Nf6 2. Nf3 g6 3. c4 Bg7 4. Nc3 O-O 5. e4 d6 6. Be2 Na6 7. O-O e5 8. Re1
exd4 9. Nxd4 Re8 10. Bf3 c6 11. Bf4 Nc5 12. Qd2 Bg4 13. Bxg4 Nxg4 14. Rad1 Ne5
15. b3 a5 16. Nc2 Ned3 17. Bg3 Nxe1 18. Rxe1 Qf6 19. Na4 Nxe4 20. Qd1 Nxg3 21.
hxg3 b5 22. cxb5 cxb5 23. Nb6 Rad8 24. Nd5 Rxe1+ 25. Qxe1 Qe5 26. Qd2 Re8 27.
Nce3 h5 28. Qxa5 Bh6 29. Qb4 Rc8 30. f4 Qa1+ 31. Nf1 Rc1 32. Qxb5 Qd4+ 33. Kh2
Rxf1 34. Ne7+ Kf8 35. Nxg6+ fxg6 36. Qxf1 Bg7 37. f5 g5 38. a4 Be5 39. Qb5 Bxg3+
40. Kxg3 Qf4+ 41. Kh3 Qh4# 0-1

[Event "Women's Speed Chess Q2"]
[Site "chess.com INT"]
[Date "2020.06.19"]
[Round "1"]
[White "Shpanko, Nadiia"]
[Black "Cori T., Deysi"]
[Result "0-1"]
[WhiteTitle "WIM"]
[BlackTitle "WGM"]
[WhiteElo "2235"]
[BlackElo "2388"]
[WhiteFideId "14132400"]
[BlackFideId "3801934"]
[EventDate "2020.06.19"]

1. d4 Nf6 2. c4 e6 3. Nc3 Bb4 4. Qc2 O-O 5. Nf3 b6 6. a3 Bxc3+ 7. Qxc3 Bb7 8.
Qc2 d6 9. Bg5 h6 10. Bh4 Nbd7 11. e3 c5 12. dxc5 Nxc5 13. Be2 Rc8 14. O-O Nce4
15. Qd3 Qc7 16. Rac1 d5 17. Bxf6 Nxf6 18. h3 Rfd8 19. Qb1 Qb8 20. cxd5 Bxd5 21.
b4 Ne4 22. Qb2 Nd6 23. Qe5 Qb7 24. Rxc8 Nxc8 25. Rc1 Nd6 26. Qf4 Ne8 27. Qg3 Rc8
28. Rxc8 Qxc8 29. Nd4 a5 30. bxa5 bxa5 31. Bb5 Nf6 32. Qd6 Ne4 33. Qf4 Qc1+ 34.
Kh2 Qxa3 35. Be8 Qf8 36. Ba4 Qd6 37. Qxd6 Nxd6 38. Nb5 Bc6 39. Nxd6 Bxa4 40. Nc4
Bc2 41. Nxa5 f5 42. Nc4 Kf7 43. Ne5+ Kf6 44. Nf3 g5 45. Kg3 Bd1 46. Nd4 e5 47.
Nb5 h5 48. Nc3 Bc2 49. Ne2 Bd3 50. Nc1 h4+ 51. Kf3 Bf1 52. g3 e4# 0-1

[Event "Women's Speed Chess Q2"]
[Site "chess.com INT"]
[Date "2020.06.19"]
[Round "1"]
[White "Khalafova, Narmin"]
[Black "Mudodo, Refiloe Hazel"]
[Result "1-0"]
[WhiteTitle "WGM"]
[BlackTitle "WCM"]
[WhiteElo "2279"]
[BlackElo "1543"]
[WhiteFideId "13402625"]
[BlackFideId "11000821"]
[EventDate "2020.06.19"]

1. e4 e6 2. d4 d5 3. Nd2 dxe4 4. Nxe4 Bd7 5. Nf3 Bc6 6. Bd3 Nd7 7. O-O Ngf6 8.
Qe2 Be7 9. c4 O-O 10. b3 Nxe4 11. Bxe4 Bxe4 12. Qxe4 c6 13. Bb2 Nf6 14. Qe2 Qc7
15. Rad1 Rfe8 16. Ne5 Rad8 17. h3 Bd6 18. f4 c5 19. Kh2 Nd7 20. g3 Bxe5 21. dxe5
Nb6 22. f5 Rxd1 23. Qxd1 exf5 24. Rxf5 g6 25. Rf6 Nd7 26. Rd6 Nxe5 27. Qd5 Nc6
28. Bc3 Qe7 29. Qd2 Qe2+ 30. Kg1 Qxd2 31. Rxd2 Re3 32. Bf6 Rxg3+ 33. Kf2 Rxh3
34. Rd7 h5 35. Rc7 Rd3 36. Rc8+ Kh7 37. Rh8# 1-0

[Event "Women's Speed Chess Q2"]
[Site "chess.com INT"]
[Date "2020.06.19"]
[Round "1"]
[White "Rakshitta, Ravi"]
[Black "Injac, Teodora"]
[Result "0-1"]
[WhiteTitle "WIM"]
[BlackTitle "WIM"]
[WhiteElo "2190"]
[BlackElo "2286"]
[WhiteFideId "25073230"]
[BlackFideId "932400"]
[EventDate "2020.06.19"]

1. e4 e6 2. d4 d5 3. Nc3 Nf6 4. exd5 exd5 5. Bd3 Be7 6. Nge2 O-O 7. O-O Bg4 8.
f3 Bh5 9. Nf4 Bg6 10. Nxg6 hxg6 11. Bf4 c6 12. Qd2 Bd6 13. Rae1 Qc7 14. Bxd6
Qxd6 15. Re2 Nbd7 16. Rfe1 Qb4 17. Kh1 Qxd4 18. Qg5 Qb4 19. Re7 Qxb2 20. Nd1 Qb4
21. Bxg6 Rae8 22. Bxf7+ Rxf7 23. Rxe8+ Nxe8 24. Rxe8+ Rf8 25. Re7 Qd4 26. Re1
Nf6 27. Ne3 Re8 28. h3 Qe5 29. Qg6 d4 30. Nf5 Qxe1+ 31. Kh2 Qe5+ 32. Kh1 Qc7 33.
Nh6+ Kh8 34. Nf7+ Kg8 35. Nh6+ Kf8 36. Qh7 Nxh7 0-1

[Event "Women's Speed Chess Q2"]
[Site "chess.com INT"]
[Date "2020.06.19"]
[Round "1"]
[White "Danielian, Elina"]
[Black "Tarasova, Viktoriya"]
[Result "0-1"]
[WhiteTitle "GM"]
[BlackTitle "WIM"]
[WhiteElo "2407"]
[BlackElo "2226"]
[WhiteFideId "13300210"]
[BlackFideId "4175840"]
[EventDate "2020.06.19"]

1. d4 Nf6 2. Nf3 e6 3. e3 b6 4. Bd3 Bb7 5. O-O d5 6. c4 Bd6 7. Nc3 O-O 8. cxd5
exd5 9. Qc2 a6 10. e4 dxe4 11. Nxe4 Nxe4 12. Bxe4 Bxe4 13. Qxe4 Nd7 14. Bg5 f6
15. Bh4 Qe7 16. Qc6 Qf7 17. Bg3 Bxg3 18. hxg3 Rac8 19. Rac1 a5 20. b3 Rfd8 21.
Rfe1 Nf8 22. Rc4 Qd7 23. Qb7 Ne6 24. Rec1 b5 25. R4c2 c5 26. Qxd7 Rxd7 27. dxc5
Rdc7 28. c6 Kf7 29. g4 Ke7 30. g3 Kd6 31. Rd2+ Ke7 32. Rcd1 Rxc6 33. Rd7+ Kf8
34. Rb7 b4 35. Rdd7 Rc1+ 36. Kg2 R1c7 37. Rdxc7 Rxc7 38. Rb6 Ke7 39. Ra6 Rc5 40.
Nd2 Rc2 41. Nc4 Rxa2 42. Nxa5 Kf7 43. Ra7+ Kg6 44. Ra6 Nd4 45. Ra7 Nxb3 46. Nc6
Rxa7 47. Nxa7 Nd4 48. Kf1 b3 49. Ke1 b2 50. Kd2 b1=Q 0-1

[Event "Women's Speed Chess Q2"]
[Site "chess.com INT"]
[Date "2020.06.19"]
[Round "1"]
[White "Karnaukhova, Elmira"]
[Black "Vovk, Anastasiia"]
[Result "1/2-1/2"]
[WhiteTitle "WGM"]
[BlackTitle "WGM"]
[WhiteElo "2319"]
[BlackElo "2076"]
[WhiteFideId "4148827"]
[BlackFideId "14110563"]
[EventDate "2020.06.19"]

1. d4 Nf6 2. Bg5 e6 3. e4 Be7 4. e5 Nd5 5. Bd2 Bg5 6. Nf3 Bxd2+ 7. Qxd2 O-O 8.
c4 Ne7 9. Nc3 b6 10. Bd3 Bb7 11. Ne4 d6 12. exd6 cxd6 13. Qf4 d5 14. Ng3 Ng6 15.
Qg4 dxc4 16. Bxc4 Nd7 17. Nh5 Nf6 18. Nxf6+ Qxf6 19. Be2 Rac8 20. O-O Rc2 21.
Bd3 Rc7 22. Nd2 Rd8 23. Nb3 Bd5 24. Rad1 Bxb3 25. axb3 Rxd4 26. Qg3 Rcd7 27. Be2
Rd8 28. Rxd4 Qxd4 29. Bc4 Qf6 30. h3 h6 31. Qc7 Qe7 32. Qc6 Qd7 33. Qe4 Qd4 34.
Qb7 Qd7 35. Qe4 Qd4 36. Qb7 Qd7 37. Qe4 1/2-1/2

[Event "Women's Speed Chess Q2"]
[Site "chess.com INT"]
[Date "2020.06.19"]
[Round "1"]
[White "Lesbekova, Asel"]
[Black "Shuqja, Klean"]
[Result "1-0"]
[WhiteTitle "WCM"]
[BlackTitle "WCM"]
[WhiteElo "1920"]
[BlackElo "1838"]
[WhiteFideId "13713248"]
[BlackFideId "4701585"]
[EventDate "2020.06.19"]

1. e4 e6 2. d4 d5 3. Bd3 dxe4 4. Bxe4 Nf6 5. Bf3 c5 6. Ne2 cxd4 7. Qxd4 Qxd4 8.
Nxd4 a6 9. O-O Bc5 10. Nb3 Be7 11. c4 O-O 12. Nc3 Nbd7 13. Be3 Ne5 14. Be2 Bd7
15. h3 Rac8 16. Na5 Bc6 17. f4 Ned7 18. Rac1 Bc5 19. Bxc5 Nxc5 20. Nxc6 Rxc6 21.
Bf3 Rc7 22. Rfd1 Rfc8 23. b4 Ncd7 24. c5 Nf8 25. Na4 N8d7 26. Kf2 Kf8 27. g4 Ke7
28. g5 Ne8 29. Ke2 f6 30. Bxb7 Rxb7 31. c6 Rbc7 32. cxd7 Rxc1 33. dxc8=Q Rxc8
34. gxf6+ gxf6 35. f5 e5 36. Nb6 Rc7 37. Nd5+ Kd6 38. Nxf6+ Ke7 39. Nd5+ Kd6 40.
Nxc7+ Kxc7 41. Ke3 Nf6 42. Rg1 Kc6 43. Rg7 1-0

[Event "Women's Speed Chess Q2"]
[Site "chess.com INT"]
[Date "2020.06.19"]
[Round "1"]
[White "Ovezdurdiyeva, Jemal"]
[Black "Tokhirjonova, Gulrukhbegim"]
[Result "0-1"]
[WhiteTitle "WFM"]
[BlackTitle "WGM"]
[WhiteElo "2061"]
[BlackElo "2378"]
[WhiteFideId "14001888"]
[BlackFideId "14203626"]
[EventDate "2020.06.19"]

1. d4 d5 2. c4 e6 3. Nc3 Nf6 4. cxd5 exd5 5. Bg5 Nbd7 6. e3 Bb4 7. Bd3 h6 8. Bh4
c6 9. Qc2 O-O 10. Ne2 Re8 11. O-O Bd6 12. Bg3 Nf8 13. Rab1 a5 14. Rbe1 Bxg3 15.
Nxg3 g6 16. f3 h5 17. Qf2 a4 18. a3 Be6 19. h3 h4 20. Nge2 Nh5 21. e4 dxe4 22.
fxe4 Qb6 23. Qxh4 Rad8 24. Nxa4 Qb3 25. Nac3 Qxb2 26. d5 cxd5 27. exd5 Bxd5 28.
Nxd5 Rxd5 29. Bc4 Rd7 30. Qf2 Qg7 31. Ng3 Nxg3 32. Rxe8 Nxf1 33. Bxf1 Qd4 34.
Qxd4 Rxd4 35. Rb8 Rd7 36. Bb5 Re7 37. a4 Kg7 38. Kf2 Ne6 39. Bc4 Nc5 40. a5 Rc7
41. Bb5 Kf6 42. Rd8 Re7 43. Rd6+ Ke5 44. Rd1 Ne4+ 45. Kf1 f5 46. Re1 Kf4 47. Rc1
g5 48. Rc5 g4 49. Bd3 Nd2+ 50. Kf2 g3+ 51. Kg1 Re1+ 0-1

[Event "Women's Speed Chess Q2"]
[Site "chess.com INT"]
[Date "2020.06.19"]
[Round "1"]
[White "Fominykh, Maria"]
[Black "Bouah, Denise"]
[Result "1-0"]
[WhiteTitle "WGM"]
[BlackTitle "WIM"]
[WhiteElo "2206"]
[BlackElo "1770"]
[WhiteFideId "4142411"]
[BlackFideId "14300818"]
[EventDate "2020.06.19"]

1. d4 d6 2. Nf3 Nf6 3. c4 g6 4. Nc3 Bg7 5. e4 O-O 6. h3 Nbd7 7. Be3 e5 8. d5 Nh5
9. g3 f5 10. exf5 gxf5 11. Ng5 Nhf6 12. Ne6 Qe7 13. Nxf8 Nxf8 14. Be2 Ng6 15.
Qd2 Bd7 16. Bh6 Bh8 17. Bg5 a6 18. g4 f4 19. f3 Bg7 20. O-O-O b5 21. Qc2 bxc4
22. Bxc4 Qe8 23. h4 h6 24. Bxf6 Bxf6 25. g5 hxg5 26. hxg5 Bg7 27. Ne4 Bf5 28.
Nf6+ Bxf6 29. Qxf5 Bg7 30. Rd2 Qf7 31. Qh3 Kf8 32. Bd3 Ke7 33. Be4 Rh8 34. Qf1
Rxh1 35. Qxh1 Nf8 36. Rc2 c5 37. dxc6 Qxa2 38. Qd1 Qa1+ 39. Kd2 Qa5+ 40. Ke2
Qb5+ 41. Qd3 Qb6 42. c7 Ne6 43. c8=Q Nd4+ 44. Qxd4 Qxd4 45. Rc7# 1-0

[Event "Women's Speed Chess Q2"]
[Site "chess.com INT"]
[Date "2020.06.19"]
[Round "1"]
[White "Bartel, Marta"]
[Black "Maklakova, Nellija"]
[Result "1-0"]
[WhiteTitle "WGM"]
[WhiteElo "2192"]
[BlackElo "1833"]
[WhiteFideId "1123009"]
[BlackFideId "11603470"]
[EventDate "2020.06.19"]

1. d4 d6 2. Nf3 Nf6 3. c4 g6 4. Nc3 Bg7 5. Bg5 O-O 6. e3 c5 7. d5 e6 8. Be2 exd5
9. cxd5 a6 10. a4 Bg4 11. O-O Bxf3 12. Bxf3 Nbd7 13. a5 Ne5 14. Be2 b5 15. axb6
Qxb6 16. Qc2 h6 17. Bf4 Nfd7 18. h4 Rfb8 19. Rab1 c4 20. h5 Qc5 21. hxg6 fxg6
22. e4 Rb3 23. Be3 Qc7 24. f4 Nf7 25. Bg4 Nc5 26. e5 dxe5 27. Qxg6 exf4 28. Bxf4
Qb6 29. Qxb6 Rxb6 30. Be3 Rg6 31. Bh5 Rf6 32. Bxf7+ Kxf7 33. Bxc5 Rc8 34. Be3
Ke7 35. Rxf6 Bxf6 36. Bxh6 Kd6 37. Bf4+ Kc5 38. Be3+ Kb4 39. Bd2 Kb3 40. Ne4
Bd4+ 41. Kf1 Rh8 42. Ke2 Rh4 43. Kf3 Kc2 44. Rc1+ Kxb2 45. Rxc4 Be5 46. Rc6 a5
47. d6 a4 48. d7 Rh8 49. Rc8 1-0

[Event "Women's Speed Chess Q2"]
[Site "chess.com INT"]
[Date "2020.06.19"]
[Round "1"]
[White "Hryzlova, Sofiia"]
[Black "Solozhenkina, Elizaveta"]
[Result "1-0"]
[BlackTitle "WIM"]
[WhiteElo "1940"]
[BlackElo "2301"]
[WhiteFideId "14174669"]
[BlackFideId "34106615"]
[EventDate "2020.06.19"]

1. c4 e5 2. Nc3 Nf6 3. Nf3 Nc6 4. e4 Bb4 5. d3 O-O 6. a3 Bxc3+ 7. bxc3 d6 8. g3
h6 9. Bg2 Be6 10. O-O Rb8 11. Rb1 a6 12. a4 Nd7 13. Nh4 Na5 14. Be3 c6 15. Nf5
Bxf5 16. exf5 Qc7 17. f6 Nc5 18. fxg7 Kxg7 19. Qg4+ Kh8 20. Bxh6 f5 21. Qh4 Rf7
22. Be3+ Kg8 23. d4 exd4 24. cxd4 Ne6 25. d5 Rh7 26. Qf6 Nc5 27. Bxc5 dxc5 28.
Qxf5 Rf8 29. Qe6+ Kh8 30. dxc6 Nxc6 31. Rbe1 Nd4 32. Qe5+ Qxe5 33. Rxe5 Rf6 34.
Rxc5 Rfh6 35. h4 Ne2+ 36. Kh2 Rf7 37. f3 Kg7 38. Rg5+ Kh8 39. Re1 Nd4 40. Re8+
Kh7 41. f4 Nf5 42. Be4 Rhf6 43. Bxf5+ Rxf5 44. Rxf5 Rxf5 45. Re7+ Kg6 46. Rxb7
Rc5 47. Rb6+ Kh5 48. Rxa6 Rxc4 49. Kh3 Rc1 50. g4# 1-0

[Event "Women's Speed Chess Q2"]
[Site "chess.com INT"]
[Date "2020.06.19"]
[Round "1"]
[White "Zhukova, Natalia"]
[Black "Munkhzul, Davaakhuu"]
[Result "1-0"]
[WhiteTitle "GM"]
[BlackTitle "WFM"]
[WhiteElo "2328"]
[BlackElo "1991"]
[WhiteFideId "14101513"]
[BlackFideId "4902815"]
[EventDate "2020.06.19"]

1. c4 e6 2. Nf3 d5 3. d4 a6 4. e3 Nf6 5. Nc3 Be7 6. b3 O-O 7. Bb2 dxc4 8. bxc4
Nbd7 9. Bd3 c5 10. O-O b6 11. d5 exd5 12. cxd5 Bb7 13. e4 Bd6 14. Ne2 Re8 15.
Qb1 b5 16. Ng3 c4 17. Bc2 Bxg3 18. hxg3 h6 19. a4 Nc5 20. Bxf6 Qxf6 21. axb5
axb5 22. Rxa8 Bxa8 23. Qxb5 Rc8 24. Qxc4 Bb7 25. Qd4 Qe7 26. e5 Nd7 27. Bf5 g6
28. Bh3 Rd8 29. e6 fxe6 30. Bxe6+ Kh7 31. Re1 Nf6 32. Bg8+ Nxg8 33. Rxe7+ Nxe7
34. d6 Nf5 35. Qf6 Rxd6 36. Qf7+ Ng7 37. Qxb7 Rd1+ 38. Kh2 Rc1 39. g4 Rd1 40.
Ne5 Rd8 41. Nf7 Rf8 42. g5 h5 43. f4 Rg8 44. Nd6 Rf8 45. Ne4 1-0

[Event "Women's Speed Chess Q2"]
[Site "chess.com INT"]
[Date "2020.06.19"]
[Round "1"]
[White "Bogumil, Tatiana"]
[Black "Balabayeva, Xeniya"]
[Result "0-1"]
[WhiteTitle "WGM"]
[BlackTitle "WFM"]
[WhiteElo "2182"]
[BlackElo "2146"]
[WhiteFideId "4110579"]
[BlackFideId "13719688"]
[EventDate "2020.06.19"]

1. Nf3 d5 2. c4 d4 3. g3 c5 4. Bg2 Nc6 5. d3 g6 6. O-O Bg7 7. Nbd2 Nf6 8. a3 O-O
9. h3 Re8 10. b4 cxb4 11. axb4 Nxb4 12. Ba3 Nc6 13. Qa4 Qc7 14. Rfb1 Bd7 15. Qc2
e5 16. Ng5 Bf5 17. Nge4 Nxe4 18. Nxe4 Rad8 19. Qa4 b6 20. Kh2 Bd7 21. Nd6 Re6
22. Nb5 Qb7 23. Bc1 a5 24. Ba3 Qc8 25. Bd5 Rf6 26. Bf3 Bf8 27. Bxf8 Kxf8 28.
Qa3+ Kg8 29. Nd6 Qb8 30. Ne4 Re6 31. Ng5 Ree8 32. Ne4 Nb4 33. Nf6+ Kg7 34. Nxe8+
Rxe8 35. Rxb4 axb4 36. Qxb4 Qc7 37. Rb1 Rb8 38. Qe7 Re8 39. Qb4 Re6 40. Bd5 Rf6
41. f3 Qc8 42. h4 h5 43. Qe7 Be6 44. Bxe6 Rxe6 0-1

[Event "Women's Speed Chess Q2"]
[Site "chess.com INT"]
[Date "2020.06.19"]
[Round "1"]
[White "Kaya, Emel"]
[Black "Mrudul, Dehankar"]
[Result "0-1"]
[WhiteTitle "WCM"]
[BlackTitle "WIM"]
[WhiteElo "1912"]
[BlackElo "2256"]
[WhiteFideId "6306411"]
[BlackFideId "25096990"]
[EventDate "2020.06.19"]

1. e4 c5 2. Nf3 d6 3. Bb5+ Bd7 4. Bxd7+ Qxd7 5. O-O Nc6 6. c3 g6 7. d4 cxd4 8.
cxd4 Bg7 9. Nc3 Nf6 10. Re1 O-O 11. e5 Ne8 12. exd6 Qxd6 13. d5 Nb4 14. Bg5 Nf6
15. a3 Na6 16. Rb1 Nc7 17. Bxf6 Bxf6 18. Ne4 Qxd5 19. Nxf6+ exf6 20. Re7 Qc5 21.
Qd7 Rac8 22. Rbe1 Nd5 23. R7e2 Nf4 24. Re7 Rcd8 25. Qxb7 Nd3 26. Rf1 Rd5 27. b4
Qc4 28. Rc7 Qb3 29. Nd2 Qa2 30. Nc4 Nf4 31. g3 Rg5 32. h4 Rg4 33. Qf3 Nh3+ 34.
Kh2 Rxc4 35. Kxh3 Rxc7 36. Qf4 Qe6+ 37. Kg2 Rc4 38. Qf3 Qc6 39. Rd1 Qxf3+ 40.
Kxf3 Rfc8 41. Rd7 R8c7 42. Rd8+ Kg7 43. Rd3 Rc3 44. Ke2 Rxd3 45. Kxd3 f5 46. f3
Kf6 47. Kd4 Ke6 48. f4 Kd6 0-1

[Event "Women's Speed Chess Q2"]
[Site "chess.com INT"]
[Date "2020.06.19"]
[Round "1"]
[White "Priyanka, K"]
[Black "Kubicka, Anna"]
[Result "1-0"]
[WhiteTitle "WIM"]
[BlackTitle "WIM"]
[WhiteElo "2218"]
[BlackElo "2256"]
[WhiteFideId "5082986"]
[BlackFideId "1152254"]
[EventDate "2020.06.19"]

1. e4 c5 2. Nf3 d6 3. d4 cxd4 4. Nxd4 Nf6 5. Nc3 a6 6. Be2 e5 7. Nf3 Be7 8. Bg5
O-O 9. Bxf6 Bxf6 10. O-O b5 11. a4 b4 12. Nd5 a5 13. Bc4 Bb7 14. Nd2 Nd7 15. Re1
Nb6 16. Nxb6 Qxb6 17. Nf1 Rac8 18. b3 g6 19. Qd3 Bg7 20. Ne3 Rfd8 21. Bd5 Bxd5
22. Nxd5 Qb7 23. Rad1 Rc5 24. Re2 Rdc8 25. Ne3 Bf8 26. Nc4 Rd8 27. Red2 Qc7 28.
Qe2 Be7 29. Rd5 Kg7 30. Rxc5 dxc5 31. Rxd8 Bxd8 32. Qd3 Be7 33. Qd5 f6 34. g3
Qd8 35. Qxd8 Bxd8 36. Kf1 Kf7 37. Ke2 Ke6 38. Kd3 f5 39. Ne3 f4 40. Nd5 fxg3 41.
fxg3 Kd6 42. Kc4 Kc6 43. h3 h5 44. g4 hxg4 45. hxg4 Bg5 46. Kd3 Bd8 47. c3 Bg5
48. Kc4 Bh4 49. cxb4 cxb4 50. Ne3 Bg5 51. Nd5 Bd8 52. Kd3 Bg5 53. Kc4 Bd8 54.
Ne3 Bg5 55. Nd1 Bd2 56. Kd3 Bg5 57. Nb2 1-0

[Event "Women's Speed Chess Q2"]
[Site "chess.com INT"]
[Date "2020.06.19"]
[Round "1"]
[White "Bommini, Mounika Akshaya"]
[Black "Sargsyan, Anna M."]
[Result "0-1"]
[WhiteTitle "WFM"]
[BlackTitle "WGM"]
[WhiteElo "2029"]
[BlackElo "2405"]
[WhiteFideId "25019872"]
[BlackFideId "13308130"]
[EventDate "2020.06.19"]

1. d4 d5 2. c4 c6 3. Bf4 Nf6 4. e3 Bg4 5. Qb3 Qb6 6. c5 Qa5+ 7. Nc3 b5 8. cxb6
axb6 9. Ne2 e6 10. Nc1 Nbd7 11. Nd3 c5 12. dxc5 bxc5 13. Ne5 Nxe5 14. Bxe5 c4
15. Bxc4 dxc4 16. Qxc4 Nd7 17. Bg3 Bf5 18. O-O Qc5 19. Qe2 Be7 20. e4 Bg6 21.
Nb5 O-O 22. Rfc1 Qb6 23. a4 Nc5 24. Bc7 Qb7 25. Rc4 Nxe4 26. f3 Qxb5 27. fxe4
Qb7 28. e5 h6 29. b3 Rfc8 30. Rac1 Qd5 31. Bb6 Rxc4 32. Rxc4 Qb7 33. Be3 Bd8 34.
Qd1 Bb6 35. Bf2 Bxf2+ 36. Kxf2 Qb6+ 37. Kf1 Rb8 38. Rc3 Kh7 39. Qd2 Qb4 40. Qe3
Qe4 41. Qa7 Qf5+ 42. Kg1 Qxe5 43. Re3 Qa1+ 44. Kf2 Rb4 45. Rf3 Qd4+ 0-1

[Event "Women's Speed Chess Q2"]
[Site "chess.com INT"]
[Date "2020.06.19"]
[Round "1"]
[White "Matveeva, Olga"]
[Black "Voit, Daria"]
[Result "0-1"]
[WhiteTitle "WIM"]
[BlackTitle "WGM"]
[WhiteElo "2171"]
[BlackElo "2343"]
[WhiteFideId "24107018"]
[BlackFideId "4182146"]
[EventDate "2020.06.19"]

1. d4 Nf6 2. c4 e6 3. g3 c5 4. d5 exd5 5. cxd5 g6 6. Nc3 Bg7 7. Bg2 O-O 8. Nf3
d6 9. O-O Re8 10. Nd2 a6 11. a4 Nbd7 12. Nc4 Ne5 13. Nxe5 Rxe5 14. Bf4 Re8 15.
Re1 Nh5 16. Bd2 f5 17. Qc2 Bd7 18. a5 b5 19. axb6 Qxb6 20. Ra2 Reb8 21. e4 Qb3
22. Qxb3 Rxb3 23. Rea1 Bd4 24. Bf3 Nf6 25. exf5 Bxf5 26. Kg2 Bd3 27. Bf4 Ne8 28.
Bd2 Rab8 29. Na4 Bxb2 30. Nxb2 Rxb2 31. Bf4 Rxa2 32. Rxa2 Rb1 33. Bg4 Be4+ 34.
Kh3 Rb6 35. Be6+ Kg7 36. Kg4 Nf6+ 37. Kh3 Bf5+ 38. Bxf5 gxf5 39. Rd2 a5 40. f3
a4 41. g4 fxg4+ 42. fxg4 a3 43. g5 Ne4 44. Ra2 Rb3+ 45. Kg4 Nc3 46. Ra1 Kg6 47.
Bxd6 a2 48. Be5 Rb4+ 49. Kg3 Nxd5 50. Rxa2 Kxg5 51. Ra7 Rb3+ 0-1